000 00674cam a22002412i 4500
001 CIP114012464
003 YEEZEN
005 20260112133552.0
008 250827s2025 ch e 000 0 chi d
020 _a9789863708612
_q(平裝) :
_cNT$380
040 _aCIP
_bchi
_cCIP
042 _anbic
084 _a411.3
_2ncsclt
090 _a411.3
245 1 0 _a7天吃出光澤肌膚&健康體態,打造逆齡身體! /
_c菊池真由子作; 邱佳葳譯
250 _a初版
260 _a新北市 :
_b楓葉社文化,
_c2025.10
300 _a面 ;
_c公分
650 7 _2lcstt
_a健康飲食
650 7 _2lcstt
_a營養
650 7 _2lcstt
_a健康法
942 _2ccl
_cBOOK
999 _c7683
_d7683